| 000 | 01243nam a2200217Ia 4500 | ||
|---|---|---|---|
| 001 | 220 | ||
| 005 | 20260303074319.0 | ||
| 008 | 251203t2002||||xx |||||||||||||| ||spa|| | ||
| 020 | _a8467002107 | ||
| 041 | _aESP | ||
| 082 |
_aRO 410 _bB141 |
||
| 110 | _aEditorial Espasa Calpe | ||
| 245 | 0 |
_aBiblioteca de la lengua : _bTomos 1-12 |
|
| 260 |
_aMadrid : _bEspasa Calpe, _c2002 |
||
| 300 |
_aVarias paginaciones : _b _c 27 cm. |
||
| 505 | _aContiene: Tomo 1: Diccionario de sinónimos y antónimos / A-G; Tomo 2: Diccionario de sinónimos y antónimos / H-Z; Tomo 3: Diccionario de dudas y dificultades / A-G; Tomo 4: Diccionario de dudas y dificultades / H-Z; Tomo 5: Ortografía esencial del español; Tomo 6: Gramática esencial del español (la lengua, los sonidos, las frases y las palabras); tomo 7: Gramática esencial del español (las frases y las palabras (continuación), el uso); Tomo 8: Diccionario español-inglés / A-H; Tomo 9: Diccionario español-inglés / I-Z; Tomo 10: Diccionario inglés-español / A-I; Tomo 11: Diccionario inglés-español / J-Z; Tomo 12: Gramática inglesa | ||
| 650 | _aLEN | ||
| 653 | _aLingüística; Diccionario - Sinónimos - Antónimos; Gramática | ||
| 654 | _aCTP | ||
| 942 |
_cLIB _dJUS _fTRC _2ddc |
||
| 999 |
_c220 _d220 |
||